Trzyliterowe odpowiedzi #1 - Statystyki

Ogólne statystyki
  • Ten quiz został rozwiązany 75 razy
  • Średni wynik to 13 z 15
Statystyki odpowiedzi
Podpowiedź Odpowiedź % Poprawnych
Kiedy piłkarz strzeli bramkę Gol
100%
Jeden z najpopularniejszych zwierząt domowych Kot
100%
Najdłuższa rzeka na świecie Nil
100%
___ de Janeiro Rio
100%
Usługa przesyłania krótkich wiadomości tekstowych SMS
99%
Np. jabłkowy, pomarańczowy Sok
99%
Styl muzyczny który śpiewają Kanye West, Drake czy Eminem Rap
97%
Mieszkasz tam Dom
96%
Używa się go gdy coś nas bardzo śmieszy; także skrót gry Leauge of Legends LOL
94%
Zaprzecza coś Nie
91%
Tytuł monarszy używany w Europie Wschodniej Car
88%
Seria gier od Rockstar opowiadająca o gangsterstwie GTA
87%
Trzecie największe miasto w województwie warmińsko-mazurskim według liczby ludności Ełk
81%
Suchy po angielsku Dry
66%
Miasto w Niemczech blisko Stuttgartu (zaczyna się na literę U) Ulm
48%
Nie znaleziono quizów pasujących do podanych kryteriów
Rozkład punktacji
Procent ludzi z każdym wynikiem
Percentyl według liczby udzielonych odpowiedzi
Twoja historia wyników
Nie rozwiązałeś tego quizu